• 首页
  • 本馆介绍
  • 公告通知
  • 最新文献
  • 馆藏检索
  • 电子资源
  • 读者导购
  • 参考咨询
  • 我的图书馆
  • 登录
  • 详细信息显示
  • 放入我的书架
  • 预约/预借图书
  • 作者相关作品
  • 分类相关作品
  • 丛书相关作品
  • 出版社相关作品

书目信息

  • 表格格式
  • 工作单格式
  • 卡片格式
题名:
商务与经济统计
    
 
作者: 安德森 , 斯威尼 , 威廉斯 著 ;张建华 , 王健 , 冯燕奇 译
分册:  
出版信息: 北京   机械工业出版社  2011
页数: 28,823页
开本: 28cm
丛书名:
单 册:
中图分类: F222 , F712.3
科图分类:
主题词: 经济统计学--教材--英文 , 商业统计学--教材--英文 , 经济统计学 , 商业统计学
电子资源:
ISBN: 978-7-111-35029-3
000 01626nam0 2200385 450
001 523
005 20140908163208.00
010    @a978-7-111-35029-3@dCNY109.00
100    @a20111118d2011 em y0chiy50 ea
101 0  @aeng@gchi
102    @aCN@b110000
105    @ay z 000yy
106    @ar
200 1  @a商务与经济统计@AShang Wu Yu Jing Ji Tong Ji@dStatistics for business and economics@f(美)戴维 R. 安德森,(美)丹尼斯 J. 斯威尼,(美)托马斯 A. 威廉斯著@F( Mei ) Dai Wei R. An De Sen, ( Mei ) Dan Ni Si J. Si Wei Ni, ( Mei ) Tuo Ma Si A. Wei Lian Si Zhu@g张建华,王健,冯燕奇等译注@zeng
210    @a北京@c机械工业出版社@d2011
215    @a28,823页@d28cm@e附光盘1片
300    @a高等学校经济管理英文版教材·经济系列
305    @a据原书第11版译出 圣智学习出版公司授权出版
307    @a附光盘:ISBN 978-7-89433-019-2
330    @a本书共22章,内容包括:数据与统计资料、描述统计学(表格法和图形法、数值方法)、概率、离散型概率分布、连续型概率分布、抽样和抽样分布等。
510 1  @aStatistics for business and economics@zeng
606 0  @a经济统计学@j教材@j英文
606 0  @a商业统计学@j教材@j英文
606 0  @a经济统计学
606 0  @a商业统计学
690    @aF222@v5
690    @aF712.3@v5
701  0 @c(美)@a安德森@AAn De Sen@cAnderson,David R.)@4著
701  0 @c(美)@a斯威尼@ASi Wei Ni@cSweeney, Dennis J.)@4著
701  0 @c(美)@a威廉斯@AWei Lian Si@cWilliams, Thomas A.)@4著
702  0 @a张建华@AZhang Jian Hua@c国际商学)@4译
702  0 @a王健@AWang Jian@c高等数学)@4译
702  0 @a冯燕奇@AFeng Yan Qi@4译
801  0 @aCN@bTANGWEI@c20140603
905    @b0841535-37@dF222@e405@f3
    
    商务与经济统计=Statistics for business and economics/(美)戴维 R. 安德森,(美)丹尼斯 J. 斯威尼,(美)托马斯 A. 威廉斯著/张建华,王健,冯燕奇等译注.-北京:机械工业出版社,2011
    28,823页;28cm+附光盘1片
    高等学校经济管理英文版教材·经济系列
    
    ISBN 978-7-111-35029-3:CNY109.00
    本书共22章,内容包括:数据与统计资料、描述统计学(表格法和图形法、数值方法)、概率、离散型概率分布、连续型概率分布、抽样和抽样分布等。
●
相关链接 在E读中查询图书 在五车中查询图书 在当当中查询图书 在豆瓣中查询图书


正题名:商务与经济统计     索取号:F222/405         预约/预借

序号 登录号 条形码 馆藏地/架位号 状态 备注
1 0841535   208415357   第一样本阅览室/ [索取号:F222/405] 在馆    
2 0841536   208415366   密集书库-海洋学院/ [索取号:F222/405] 在馆    
3 0841537   208415375   第一借阅区/ [索取号:F222/405] 在馆    
唐山师范学院图书馆 欢迎您!
大连网信软件有限公司© 版权所有